000 03028cjm a2200637 a 4500
001 data
005 20260322212123.0
007 data
008 data
035 _a19254863
906 _a7
_bcbc
_ccopycat
_d2
_encip
_f20
_gy-soundrec
925 0 _aacquire
_b2 shelf copies
_xpolicy default
010 _a 2016625457
024 1 _a090266270323
024 1 _a9026627032
028 0 2 _a09026-62703-2
_bRCA Victor
033 0 0 _a19940425
_b3804
_cN4
035 _a(OCoLC)31123572
040 _aSGK
_beng
_cSGK
_dDLC
_dBTCTA
_dOCLCG
_dCPL
_dFHP
_dNYP
_dOCLCQ
_dBNO
_dOCLCA
_dOCLCQ
_dOCLCA
_dOCLCF
_dOCLCO
_dOCLCA
_dDLC
041 0 _deng
_geng
042 _alccopycat
047 _arc
_arc
050 0 0 _aSDC 71301
082 0 4 _a791.43
100 1 _aCasey, Warren.
245 1 0 _aGrease!
_h[sound recording] :
_bthe new Broadway cast recording /
_cbook, music & lyrics by Jim Jacobs and Warren Casey.
260 _aNew York, NY :
_bManufactured and distributed by BMG Music,
_bManufactured and distributed by BMG Music,
_cp1994.
300 _a1 sound disc (59 min., 27 sec.) :
_bdigital, stereo. ;
_c4 3/4 in.
306 _a005927
336 _aperformed music
_bprm
_2rdacontent
337 _aaudio
_bs
_2rdamedia
338 _aaudio disc
_bsd
_2rdacarrier
500 _aRock musical.
500 _aCompact disc.
500 _aProgram notes and synopsis by Robert Sandla (13 p. : col. ill.) inserted in container.
505 0 0 _tLook at me, I'm Sandra Dee (reprise) --
_tWe go together --
_tSummer nights --
_tThose magic changes --
_tFreddy, my love --
_tGreased lightnin' --
_tGreased lightnin' (reprise) --
_tRydell fight song --
_tMooning --
_tLook at me, I'm Sandra Dee --
_tSince I don't have you /
_rmusic & lyrics by Joseph Rock, James Beaumont, and the Skyliners --
_tWe go together (reprise) --
_tShakin' at the high school hop --
_tIt's raining on prom night --
_tBorn to hand jive --
_tBeauty school dropout --
_tAlone at a drive-in movie --
_tRock 'n' roll party queen --
_tThere are worse things I could do --
_tLook at me, I'm Sandra Dee (reprise) --
_gFinale.
508 _aProduced for records by Steve Vining.
511 0 _aRicky Paull Goldin, Susan Wood, Sam Harris, Marcia Lewis, Billy Porter, and Rosie O'Donnell ; with supporting singers ; John McDaniel, musical director.
518 _aRecorded Apr. 25, 1994, at Clinton Studios, New York City.
650 0 _aMusicals.
650 0 _aRock music.
650 7 _aMusicals.
_2fast
_0(OCoLC)fst01030814
650 7 _aRock music.
_2fast
_0(OCoLC)fst01099204
655 7 _aMusicals.
_2lcgft
655 7 _aMusicals.
_2fast
_0(OCoLC)fst01726680
700 1 _aJacobs, Jim.
_4lyr
_4lyr
700 1 _aGoldin, Ricky Paull.
_4prf
700 1 _aWood, Susan
_c(Soprano)
_4prf
700 1 _aHarris, Sam,
_d1961-
_4prf
700 1 _aLewis, Marcia,
_d1938-2010.
_4prf
700 1 _aPorter, Billy.
_4prf
700 1 _aO'Donnell, Rosie.
_4prf
700 1 _aMcDaniel, John.
_4cnd
999 _c1885
_d1885